000
00327nam a2200133Ia 4500
005
20251222143201.0
008
251222s9999||||xx |||||||||||||| ||spa||
020
_a
978-987-1305-28-5
082
_a
025.2/C32
100
_a
Casanovas, Inés
245
0
_a
Gestión de archivos electrónicos
264
_b
Alfagrama
942
_c
LIB
999
_c
13087
_d
13087